Law guide for judicial service examinations Vol. II / (Record no. 164082)

MARC details
000 -LEADER
fixed length control field 00869nam a22002057a 4500
005 - DATE AND TIME OF LATEST TRANSACTION
control field 20190509154339.0
010 ## - LCCN (DPL NO)
LC control number B-728275
020 ## - INTERNATIONAL STANDARD BOOK NUMBER
International Standard Book Number 9789387286344
Terms of availability 600.00
035 ## - SYSTEM CONTROL NUMBER
System control number B-728275
037 ## - SOURCE OF ACQUISITION
Source of stock number/acquisition Aksharesh Enterprises
082 ## - DEWEY DECIMAL CLASSIFICATION NUMBER
Classification number 340
100 ## - MAIN ENTRY--PERSONAL NAME
Personal name Jain,Ashok K.
245 ## - TITLE STATEMENT
Title Law guide for judicial service examinations Vol. II /
Statement of responsibility, etc by Ashok K. Jain
260 ## - PUBLICATION, DISTRIBUTION, ETC. (IMPRINT)
Place of publication, distribution, etc Delhi
Name of publisher, distributor, etc Ascent Publications
Date of publication, distribution, etc 2019 (repr.)
270 ## - ADDRESS
Address 21/29, Shakti Nagar
City Delhi
Postal code 110007
300 ## - PHYSICAL DESCRIPTION
Extent VP.
Dimensions 24cm(Pbk)
500 ## - GENERAL NOTE
General note Constitutional Law, Constitution of India, Public International Law, Human Rights, Jurisprudence, Transfer of Property Act
942 ## - ADDED ENTRY ELEMENTS (KOHA)
Source of classification or shelving scheme Dewey Decimal Classification
Item type English Books
Classification part 340
Call number suffix JAI

No items available.


© Delhi Public Library
Hit Counter
free hit counter